Strategic Management (Record no. 10105)
[ view plain ]
| 000 -LEADER | |
|---|---|
| fixed length control field | 00432nam a2200169Ia 4500 |
| 008 - FIXED-LENGTH DATA ELEMENTS--GENERAL INFORMATION | |
| fixed length control field | 221030s9999 xx 000 0 und d |
| 020 ## - INTERNATIONAL STANDARD BOOK NUMBER | |
| ISBN | 8131509630 |
| 041 ## - LANGUAGE CODE | |
| Language code of text/sound track or separate title | |
| 082 ## - DEWEY DECIMAL CLASSIFICATION NUMBER | |
| Classification number | 105.23 |
| 100 ## - MAIN ENTRY--AUTHOR NAME | |
| Personal name | R. D. Ireland |
| 245 #0 - TITLE STATEMENT | |
| Title | Strategic Management |
| Statement of responsibility, etc | by R. D. Ireland, R. E. Hoskisson |
| 260 ## - PUBLICATION, DISTRIBUTION, ETC. (IMPRINT) | |
| Name of publisher | Cengage Learning |
| Place of publication | New Delhi |
| Year of publication | 2011 |
| 300 ## - PHYSICAL DESCRIPTION | |
| Number of Pages | 594 |
| 650 ## - SUBJECT ADDED ENTRY--TOPICAL TERM | |
| Topical Term | Management |
| 700 ## - ADDED ENTRY--PERSONAL NAME | |
| Personal name | R. E. Hoskisson |
| 942 ## - ADDED ENTRY ELEMENTS (KOHA) | |
| Koha item type | Books |
| Accession Number | Cost, normal purchase price | Bill Date | Full call number | Source of acquisition | Price effective from | Koha item type | Withdrawn / writtenoff status | Materials specified (bound volume or other part) | Damaged status | Not for loan | Permanent Location | Current Location | Shelving location | Date acquired | Lost/ Missing status | department |
|---|---|---|---|---|---|---|---|---|---|---|---|---|---|---|---|---|
| MBA 2068 | 399.00 | 741 | 105.23 | Zigma, Jammu | 10/30/2022 | Books | Not For Loan | MIET Library, Jammu | MIET Library, Jammu | BL-Academic Block B, FL-2, CUP-67, SH-4, R-4 | 01/31/2012 | MBA | ||||
| MBA 2069 | 399.00 | 741 | 105.23 | Zigma, Jammu | 10/30/2022 | Books | MIET Library, Jammu | MIET Library, Jammu | BL-Academic Block B, FL-2, CUP-136, SH-3, R-3 | 01/31/2012 | MBA | |||||
| MBA 2070 | 399.00 | 741 | 105.23 | Zigma, Jammu | 10/30/2022 | Books | MIET Library, Jammu | MIET Library, Jammu | BL-Academic Block B, FL-2, CUP-136, SH-3, R-3 | 01/31/2012 | MBA | |||||
| MBA 2071 | 399.00 | 741 | 105.23 | Zigma, Jammu | 10/30/2022 | Books | MIET Library, Jammu | MIET Library, Jammu | BL-Academic Block B, FL-2, CUP-136, SH-3, R-3 | 01/31/2012 | MBA | |||||
| MBA 2072 | 399.00 | 741 | 105.23 | Zigma, Jammu | 10/30/2022 | Books | MIET Library, Jammu | MIET Library, Jammu | BL-Academic Block B, FL-2, CUP-136, SH-3, R-3 | 01/31/2012 | MBA | |||||
| MBA 2167 | 399.00 | 811 | 105.23 | Zigma, Jammu | 10/30/2022 | Books | Not For Loan | MIET Library, Jammu | MIET Library, Jammu | BL-Academic Block B, FL-2, CUP-67, SH-4, R-4 | 02/25/2012 | MBA | ||||
| MBA 2168 | 399.00 | 811 | 105.23 | Zigma, Jammu | 10/30/2022 | Books | MIET Library, Jammu | MIET Library, Jammu | BL-Academic Block B, FL-2, CUP-136, SH-3, R-3 | 02/25/2012 | MBA | |||||
| MBA 2169 | 399.00 | 811 | 105.23 | Zigma, Jammu | 10/30/2022 | Books | MIET Library, Jammu | MIET Library, Jammu | BL-Academic Block B, FL-2, CUP-136, SH-3, R-3 | 02/25/2012 | MBA | |||||
| MBA 2170 | 399.00 | 811 | 105.23 | Zigma, Jammu | 10/30/2022 | Books | MIET Library, Jammu | MIET Library, Jammu | BL-Academic Block B, FL-2, CUP-136, SH-3, R-3 | 02/25/2012 | MBA | |||||
| MBA 2171 | 399.00 | 811 | 105.23 | Zigma, Jammu | 10/30/2022 | Books | MIET Library, Jammu | MIET Library, Jammu | BL-Academic Block B, FL-2, CUP-136, SH-3, R-3 | 02/25/2012 | MBA |